Statistics for Countries that Recognize the Western Sahara (SADR)

Click here to take the quiz!

General Stats

  • This quiz has been taken 102 times
  • The average score is 24 of 47

Answer Stats

ContinentCountry% Correct
AfricaAlgeria
90%
AfricaMauritania
73%
North AmericaCuba
70%
South AmericaVenezuela
70%
South AmericaBolivia
68%
North AmericaMexico
68%
AfricaLibya
67%
AfricaMali
66%
AfricaNigeria
60%
AfricaSouth Africa
59%
AfricaAngola
58%
South AmericaEcuador
56%
AfricaZimbabwe
56%
AfricaNamibia
55%
AfricaChad
53%
AsiaIran
53%
South AmericaUruguay
53%
AsiaYemen
53%
AfricaZambia
52%
AfricaEthiopia
51%
AfricaKenya
51%
North AmericaHonduras
49%
AfricaSouth Sudan
49%
AfricaTanzania
49%
North AmericaBelize
48%
South AmericaGuyana
48%
North AmericaEl Salvador
47%
AfricaLesotho
47%
North AmericaNicaragua
47%
North AmericaPanama
47%
AfricaBotswana
45%
AsiaSyria
45%
AfricaUganda
45%
AfricaMozambique
44%
AsiaVietnam
44%
AfricaGhana
42%
AfricaMauritius
42%
AsiaNorth Korea
42%
AfricaRwanda
42%
AfricaLiberia
40%
OceaniaVanuatu
40%
AsiaLaos
37%
North AmericaTrinidad and Tobago
37%
AfricaCape Verde
33%
AfricaSierra Leone
32%
AsiaEast Timor
26%
AsiaSouth Ossetia
14%

Score Distribution

Percentile by Number Answered

Percent of People with Each Score

Your Score History

You have not taken this quiz